| 000 | 01256nam a2200313 c 4500 | ||
|---|---|---|---|
| 003 | BLK | ||
| 005 | 20180420222701.0 | ||
| 008 | 180408b bul|||||r ||||||| ||bul|| | ||
| 010 | _aKNG00061415000 | ||
| 040 | _aBLK | ||
| 041 |
_aBUL _cBUL |
||
| 080 |
_aЗеленчукопроизводство _b635.1/.8 _x(038)=30=867 _z635.1/.8(038)=30=867 |
||
| 080 |
_aРазлични категории думи _b81`373.4 _x=30=867:635.1/.8 _z81`373.4=30=867:635.1/.8 |
||
| 100 | 1 |
_aПопова, Ламбрина _eпърви автор _9287604 |
|
| 139 |
_aПопова, Ламбрина _bП76Л |
||
| 245 | 1 | 0 |
_aНемско-български, българско-немски речник по зеленчукопроизводство _cЛамбрина Попова. |
| 246 | 1 | 1 | _aDeutsch-bulgarisches, bulgarisch-deutsches gemusebau Worterbuch |
| 257 | _aBGR | ||
| 260 |
_аСофия _bБАН _c1968 |
||
| 300 |
_a219 с. _c14 см |
||
| 380 | _a63 | ||
| 500 | _aБиблиогр. с. 21-23 | ||
| 720 |
_aLambrina Popowa _eпаралелен автор |
||
| 852 | _aЦб І 10034 | ||
| 856 | 4 |
_qpdf _u |
|
| 856 | 4 |
_qpdf _u |
|
| 942 |
_cKNG _n0 |
||
| 944 |
_aCR _c13.06.2004 _kНаталия_Медовщикова |
||
| 944 |
_aED _c02.04.2018 _kГеновева_Генчева |
||
| 999 |
_c57412 _d57412 |
||